000 01242nam a22003737a 4500
001 000044020
003 CHAP
005 20220817042400.0
008 971013s1975 mx |r| 00010 spa d
010 _a42961
011 _a43933
035 _a48070
040 _cCHAP
090 _aFolleto 822 Tlax.
110 2 _aMéxico. Dirección General del Inventario Nacional Forestal
245 1 0 _aInventario forestal del estado de Tlaxcala.
260 _aMéxico, D.F. :
_bLa Dirección,
_c1975.
300 _a63 p. :
_bilus. ; mapas.
490 1 _aPublicación
_v; 31
590 _aBATCH-UPD
_b10
_c20130110
_lUCH01
_h1331
590 _aBATCH-UPD
_b10
_c20130410
_lUCH01
_h0836
590 _aBATCH-UPD
_b10
_c20130914
_lUCH01
_h0713
590 _aCONVERSION
_b10
_c20130109
_lUCH01
_h1324
590 _aE5995AHE
_b05
_c20141117
_lUCH01
_h1236
650 1 4 _aBosques
_xInventarios
_xTlaxcala.
_914276
650 1 4 _aBosques
_zTlaxcala.
_914421
830 0 _aPublicación
_v; 31
901 _aBK
942 _cFOLL
942 _n0
949 _aFolleto 822 Tlax.
_bBC
_cFOLL
_d-109022
_eTS1
_i48070
_mD
_si
949 _aFolleto 822 Tlax.
_bBC
_cFOLL
_d-109023
_eTS2
_fc.2
_i48070
_mD
_si
949 _aFolleto 822 Tlax.
_bBC
_cFOLL
_d-109024
_eTS2
_fc.3
_i48070
_mD
_si
999 _c42961
_d42961